| 000 | 01185cam a2200289 4500 | ||
|---|---|---|---|
| 001 | 12461 | ||
| 005 | 20230410115611.0 | ||
| 008 | 060907s1997 nyu eng | ||
| 020 | _a0465006868 | ||
| 035 | _9funglode12561 | ||
| 041 | _aeng | ||
| 050 | 1 | 4 |
_aHF 4055 _bG244b 1997 |
| 082 | 0 | 0 | _a382/.0973 |
| 100 | 1 |
_aGarten, Jeffrey E., _d1946- |
|
| 245 | 1 | 4 |
_aThe big ten : _bthe big emerging markets and how they will change our lives / _cJeffrey E. Garten. |
| 260 |
_aNew York : _bBasicBooks, _c1997 |
||
| 300 |
_axxiii, 232 p. : _bill., map ; _c22 cm. |
||
| 651 | 0 |
_aUnited States _xCommerce _zDeveloping countries _xForecasting. |
|
| 651 | 0 |
_aDeveloping countries _xCommerce _zUnited States _xForecasting. |
|
| 651 | 0 |
_aUnited States _xForeign economic relations _zDeveloping countries _xForecasting. |
|
| 651 | 0 |
_aDeveloping countries _xForeign economic relations _zUnited States _xForecasting. |
|
| 651 | 4 |
_aEstados Unidos _xComercio _zPaíses en desarrollo. |
|
| 651 | 4 |
_aPaíses en desarrollo _xComercio _zEstados Unidos. |
|
| 651 | 4 |
_aEstados Unidos _xRelaciones económicas exteriores. |
|
| 651 | 4 |
_aPaíses en desarrollo _xRelaciones económicas exteriores. |
|
| 942 |
_2lcc _cbk |
||
| 999 |
_c44394 _d44394 |
||